Statistics for College Football Matchups: Navy

Click here to take the quiz!

General Stats

  • This quiz has been taken 7 times
  • The average score is 9 of 16

Answer Stats

# of GamesOpponentLast Meeting% Correct
124Army12/09/2023
100%
96Notre Dame08/26/2023
100%
56Air Force10/21/2023
83%
38Penn State09/15/2012
67%
47Pennsylvania10/17/1987
67%
39Virginia12/28/2017
67%
29Boston College12/30/2006
50%
40Duke10/12/2013
50%
25Georgia Tech09/08/2001
50%
40Pittsburgh12/28/2015
50%
36Princeton10/20/1984
50%
25Rutgers09/20/2014
50%
27Syracuse11/11/1989
33%
25Tulane09/19/2020
33%
25SMU11/25/2023
17%
42William & Mary09/21/1991
17%

Score Distribution

Percentile by Number Answered

Percent of People with Each Score

Your Score History

You have not taken this quiz